000 00413nam a2200157Ia 4500
008 240729s9999 xx 000 0 und d
022 _a2579-9959
245 0 _aJurnal Agrisep
260 _aIndonesia
260 _bBPFP Universitas Bengkulu
650 _a Agriculture (General)
650 _aAgriculture
856 _uhttps://doaj.org/toc/7d027fe821f04780b9ff3c357055024c
942 _2ddc
942 _cDOAJEJ
999 _c69191
_d69191
945 _a1
_bMadushi Gamage
_c1
_dMadushi Gamage